Central Library OPAC University of Rajshahi

The shaping of modern psychology / (Record no. 66875)

MARC details
000 -LEADER
fixed length control field 00809nam a2200253 a 4500
001 - CONTROL NUMBER
control field 66875
003 - CONTROL NUMBER IDENTIFIER
rucl marc code BD-RjUL
005 - DATE AND TIME OF LATEST TRANSACTION
control field 20211209081603.0
008 - FIXED-LENGTH DATA ELEMENTS--GENERAL INFORMATION
fixed length control field 860411s19891987enk b 001 0 eng c
020 ## - INTERNATIONAL STANDARD BOOK NUMBER
International Standard Book Number 0710205767 :
Terms of availability £16.95 (U.K.) ($21.95 U.S.)
035 ## - SYSTEM CONTROL NUMBER
System control number (BD-RjUL)67006
040 ## - CATALOGING SOURCE
Original cataloging agency DNLM/DLC
Transcribing agency DLC
Modifying agency DLC
-- BD-RjUL
Language of cataloging eng
041 ## - LANGUAGE CODE
Language code of text/sound track or separate title eng
060 ## - NATIONAL LIBRARY OF MEDICINE CALL NUMBER
Classification number BF 81 H436sb
082 00 - DEWEY DECIMAL CLASSIFICATION NUMBER
Edition number 23
Classification number 150.9
Author mark and year HES 1989
100 1# - MAIN ENTRY--PERSONAL NAME
Personal name Hearnshaw, L. S.
Fuller form of name (Leslie Spencer)
9 (RLIN) 90466
245 15 - TITLE STATEMENT
Title The shaping of modern psychology /
Statement of responsibility, etc. L.S. Hearnshaw.
260 ## - PUBLICATION, DISTRIBUTION, ETC. (IMPRINT)
Place of publication, distribution, etc. London ;
-- New York :
Name of publisher, distributor, etc. Routledge & Kegan Paul,
Date of publication, distribution, etc. 1987 [reprint 1989]
300 ## - PHYSICAL DESCRIPTION
Pagination viii, 423 p. ;
Size 24 cm.
504 ## - BIBLIOGRAPHY, ETC. NOTE
Bibliography, etc Includes Bibliography and index
650 #0 - SUBJECT ADDED ENTRY--TOPICAL TERM
Topical term or geographic name as entry element Psychology
General subdivision History.
9 (RLIN) 198019
Topical term or geographic name as entry element Psychology
General subdivision history.
9 (RLIN) 198020
942 ## - ADDED ENTRY ELEMENTS (KOHA)
Source of classification or shelving scheme Dewey Decimal Classification
Koha item type Books
Holdings
Lost status Source of classification or shelving scheme Damaged status Not for loan Collection code Permanent Location Current Location Shelving location Date acquired Source of acquisition Total Checkouts Full call number Date last seen Copy number Koha item type
  Dewey Decimal Classification   Not For Loan Non-fiction Central Library, University of Rajshahi Central Library, University of Rajshahi Reading Room 27/08/2008 Ru. Proshak   150.9 HES 1989 20/03/2017 C-1 Books
  Dewey Decimal Classification     Non-fiction Central Library, University of Rajshahi Central Library, University of Rajshahi Reading Room 27/08/2008 Ru. Proshak   150.9 HES 1989 20/03/2017 C-2 Books